Hudobná príloha Slovenského učiteľa

Bibliographic Details
Corporate Authors: Slovenská kníhtlačiareň (Žilina) (tlač.), Učiteľské kníhkupectvo a nakladateľstvo O. Trávniček (vydavateľ)
Format: Journal
Language:Slovak
PhysicalDescription:2 roč. 23 x 17 cm
Published: Žilina Učiteľské kníhkupectvo a nakladateľstvo O. Trávniček 1939-1941
Subjects:

MARC

LEADER 00000nas a22000001a 4500
001 vtls010300120
003 SK-MaSNL
005 20260228162542.0
008 110810d19391941xo u p r 0 b0slo
015 |a SNBDS17XX9999 
015 |a 0165  |2 Fedor 1939-44 
038 |a SNKBUDS 
040 |a SNK  |b slo  |c SNK  |e AACR2 
041 0 |a slo 
044 |a xo  |c SK 
245 0 0 |a Hudobná príloha Slovenského učiteľa 
260 |a Žilina  |b Učiteľské kníhkupectvo a nakladateľstvo O. Trávniček  |c 1939-1941 
300 |a 2 roč.  |c 23 x 17 cm 
310 |a Periodicita sa nedá určiť 
362 0 |a Č. 1 (1939)-č. 2 (1941) 
500 |a Vych. v Žiline (nepravidelne) 
500 |a Red. Ján Valašťan-Dolinský (1939/40); Ladislav Čunderlík (1940/41) 
500 |a Nakl. Učiteľské nakladateľstvo O. Trávniček 
500 |a Tlač. Slov. kníhtlač. 
500 |a Hudobná príloha pedagogického mesačníka katolíckych učiteľov Slovenský učiteľ 
505 8 0 |g Rok 1939/40 2 čís. po 8 s. 
505 8 0 |g Rok 1940/41 2 čís. po 8 s. 
650 0 7 |a hudba  |2 SNKPH  |9 1063 
655 7 |a hudobné pedagogické časopisy  |2 SNKBUDS  |9 271398 
700 1 |a Valašťan-Dolinský, Ján,  |d 1892-1965  |4 red  |9 93397 
700 1 |a Čunderlík, Ladislav,  |d 1906-1979  |4 red  |9 160015 
710 2 |a Slovenská kníhtlačiareň (Žilina)  |e tlač.  |9 271399 
710 2 |a Učiteľské kníhkupectvo a nakladateľstvo O. Trávniček,  |e vydavateľ  |9 271400 
772 0 |t Slovenský učiteľ 
852 |a SNK  |b 10000  |h ČSC 150 
852 |a UKB  |b 300000  |h SD 264 
852 |a UKB  |b 300000  |h 20 D 90 
852 |a SVKKK  |b 900000  |h KB 2146 
999 |c 8032  |d 9962